000
00281nam a2200097Ia 4500
082
_a
303.34096 MBIG
245
0
_a
The spirit of African leadership
100
_a
MBIGI, Lovemore Randburg, South Africa, 2005
_9
23623
942
_c
BK
008
210816s9999 xx 000 0 und d
999
_c
94927
_d
94926